| 000 | 00000nam##2200000za#4500 |
| 001 | 9.581602 |
| 003 | CaOODSP |
| 005 | 20210624191608 |
| 007 | cr ||||||||||| |
| 008 | 150406|2015||||xxc|||||o f|0| 0 eng|d |
| 040 | |aCaOODSP|beng |
| 043 | |an-cn--- |
| 086 | 1 |aRv55-5/8-2-19-2015E-PDF |
| 110 | 2 |aCanada Border Services Agency. |
| 245 | 10|aApplication of the Investigation Drugs, Placebos and Emergency Drugs Remission Order |h[electronic resource] |
| 260 | |aOttawa - Ontario : |bCanada Border Services Agency |
| 300 | |a2p. |
| 490 | 1 |aCustoms D memoranda. D8, Remissions and temporary importation |vD8-2-19, March 16, 2015 |
| 500 | |a"Superseded Memorandum D: D8-2-19 dated January 1, 1988". |
| 590 | |a15-13|b2015-03-27 |
| 775 | 08|tAdministration du Décret de remise sur les placebos et les drogues expérimentales ou pour traitement d'urgence |w(CaOODSP)9.608374 |
| 830 | #0|aCustoms D memoranda. D8, Remissions and temporary importation ;|vD8-2-19, March 16, 2015|w(CaOODSP)9.816825 |
| 856 | 40|ahttp://publications.gc.ca|qPDF|s48 KB|uhttps://publications.gc.ca/collections/collection_2015/asfc-cbsa/Rv55-5-8-2-19-2015-eng.pdf|yD8-2-19, March 16, 2015 |